Indigenous inclusion Black exclusion: race, ethnicity and multicultural citizenship in contemporary Latin America /
Sparad:
| Huvudupphovsman: | |
|---|---|
| Materialtyp: | Text |
| Ämnen: | |
| Taggar: |
Lägg till en tagg
Inga taggar, Lägg till första taggen!
|
MARC
| LEADER | 00000 a a2200000 04500 | ||
|---|---|---|---|
| 001 | 8955 | ||
| 003 | |||
| 040 | |||
| 100 | |a Hooker, Juliet | ||
| 245 | |a Indigenous inclusion Black exclusion: |b race, ethnicity and multicultural citizenship in contemporary Latin America / |c Juliet Hooker | ||
| 650 | |a POBLACION INDIGENA | ||
| 650 | |a ETNICIDAD | ||
| 650 | |a DERECHOS HUMANOS | ||
| 650 | |a AMERICA LATINA | ||
| 773 | |g volumen 37, número 2; páginas 285-310 | ||
| 999 | |c 26759 |d 26759 | ||
